000
00253nam a22000977a 4500
008
160511b xxu||||| |||| 00| 0 eng d
041
_a
eng
080
_a
61
245
_a
Human histology a textbook in outline form:
_c
W. B.Saunders Company;
942
_2
udc
_c
BK
999
_c
2012
_d
2012